Planning reform key to sustainable development (Record no. 73991)

MARC details
000 -LEADER
fixed length control field 01354cam a2200217 4500
001 - CONTROL NUMBER
control field WB4001-08
008 - FIXED-LENGTH DATA ELEMENTS--GENERAL INFORMATION
fixed length control field 031222n2003 000 0 eng u
035 ## - SYSTEM CONTROL NUMBER
System control number (Sirsi) u124676
245 ## - TITLE STATEMENT
Title Planning reform key to sustainable development
260 ## - PUBLICATION, DISTRIBUTION, ETC.
Date of publication, distribution, etc. 2003
490 ## - SERIES STATEMENT
Series statement Planning (for the Natural and Built Environment)
Volume/sequential designation (1549) 12 December 2003, 3(1)
520 ## - SUMMARY, ETC.
Summary, etc. The Sustainable Development Commission, the government's independent adviser, has published "Mainstreaming sustainable regeneration", in which it advocates planning reform as the best opportunity to make sustainable development a mainstream practice. It sees the Planning and Compulsory Purchase Bill as a crucial vehicle for integrating sustainability with development, identifies criteria for sustainable regeneration, flags up examples of good practice and recommends ways of making such schemes mainstream. The commission is urging the government to publish action plans by July 2004 in the light of the commission's findings. The report is available at http://www.sd-commission.gov.uk/pubs/regeneration/mainstream/index.htm
590 ## - LOCAL NOTE (RLIN)
Local note WB
650 ## - SUBJECT ADDED ENTRY--TOPICAL TERM
Topical term or geographic name entry element SUSTAINABLE REGENERATION
650 ## - SUBJECT ADDED ENTRY--TOPICAL TERM
Topical term or geographic name entry element PLANNING REFORM
650 ## - SUBJECT ADDED ENTRY--TOPICAL TERM
Topical term or geographic name entry element PLANNING AND COMPULSORY PURCHASE ACT 2004
650 ## - SUBJECT ADDED ENTRY--TOPICAL TERM
Topical term or geographic name entry element REGENERATION
650 ## - SUBJECT ADDED ENTRY--TOPICAL TERM
Topical term or geographic name entry element GOOD PRACTICE
690 ## - LOCAL SUBJECT ADDED ENTRY--TOPICAL TERM (OCLC, RLIN)
Topical term or geographic name as entry element DEVELOPMENT-SUSTAINABLE
942 ## - ADDED ENTRY ELEMENTS (KOHA)
Suppress in OPAC 0
Holdings
Withdrawn status Lost status Source of classification or shelving scheme Damaged status Not for loan Home library Current library Shelving location Date acquired Total Checkouts Full call number Barcode Date last seen Copy number Price effective from Koha item type
    Dewey Decimal Classification     London London News article 22/12/2003   WB4001-08 124676-1001 06/08/2019 1 06/08/2019 News article